000 01090nam a2200253 a 4500
001 84182
003 BD-RjUL
005 20241028163202.0
008 241028s2016 bg a|||| m||| 00| 0 eng d
035 _a(BD-RjUL)84182
040 _aBD-RjUL
_beng
_cBD-RjUL
_dBD-RjUL
041 _aeng
082 _223
_a362.198
_bSAS 2016
100 _aSaheduzzaman, Md.
_913962
245 1 0 _aStudy of herpes simplex virus type-2 among women with spontaneous abortion and normal delivery /
_cMd. Saheduzzaman ;
_6Principal Supervisor : Parvez, Hassan, Co-Supervisor : Abdullah, -Al-Masum
260 _aRajshahi :
_bMolecular Biology Laboratory Institute of Biological sciences, University of Rajshahi,
_c2016
300 _a[15], 75 leaves :
_bill, ;
_c29.cm.
502 _aThesis (M. Phil.) -- Molecular Biology Laboratory Institute of Biological sciences, University of Rajshahi, 2016
504 _aReferences : Leaves 56 - 68
650 _aAbortion
_vWomen
_913963
700 _aHassan, Parvez, Principal Supervisor
_93111
700 _aMasum,- Abdullah, -Al- Co-Supervisor
_913964
942 _2ddc
_cTHE
999 _c84182
_d84182